[Event "12th Batavia Amsterdam 2020"]
[Site "Amsterdam"]
[Date "2020.02.21"]
[Round "1.1"]
[White "Admiraal, Miguoel"]
[Black "Reinderman, Dimitri"]
[Result "0-1"]
[WhiteElo "2501"]
[BlackElo "2582"]
[Annotator "TA"]
[PlyCount "134"]
[EventDate "2020.02.21"]
[EventType "tourn"]
[EventCountry "NED"]
[SourceTitle "playchess.com"]
[Source "ChessBase"]
[SourceQuality "1"]

{[%evp 12,134,13,14,15,15,15,19,17,13,12,-20,42,48,47,29,27,6,14,0,37,7,31,1,27,0,8,31,54,59,55,55,93,65,49,0,0,0,0,0,0,0,0,0,0,0,0,0,0,0,0,0,0,0,0,0,0,-11,0,0,0,-74,-62,-87,-85,-122,-137,-96,-106,-162,-22,-141,-160,-175,-142,-194,-183,-216,-212,-360,-346,-342,-321,-214,-189,-182,-185,-151,-53,-104,0,-326,-325,-333,-304,-614,-579,-548,-562,-543,-499,-744,-658,-609,-371,-1247,-1237,-12812,-5402,-29971,-29973,-29974,-29975,-29974,-29975,-29975,-7188,-29978,-29979,-29982,-29980,-29979,-29980,-29983,-29984]} 1. e4 c5 2. Nc3 Nc6 3. Bb5 Nd4 4. Nf3 e6 5. O-O a6 6. Bd3 Nxf3+ 7. Qxf3 Qc7 {B30: Sicilian: 2...Nc6 3 Bb5, lines without ...g6.} 8. b3 Bd6 9. Qh3 Ne7 {The position is equal.} 10. Bb2 b5 11. Rae1 Be5 (11... c4 $11 12. Be2 Bb7) 12. f4 $14 Bd4+ $1 13. Kh1 Bb7 {[#]} 14. Nd1 $146 ({Predecessor:} 14. f5 Qe5 15. Bc1 Qc7 16. a4 c4 17. bxc4 bxc4 18. Be2 O-O 19. Ba3 Rfe8 20. Qg4 {½-½ (35) Van Damme,L (2185)-Babychuk,V (2223) ICCF email 2015}) 14... Bxb2 15. Nxb2 Ng6 16. a4 Bc6 17. axb5 axb5 18. f5 Ne5 19. Qg3 g6 20. Be2 O-O-O 21. fxe6 fxe6 22. Qc3 Qd6 23. Nd3 (23. b4 $5 cxb4 24. Qe3 $11) 23... Nxd3 24. Bxd3 Rhf8 25. Qa5 Qc7 26. Qa6+ Qb7 27. Qa1 d6 28. Rxf8 Rxf8 29. Rf1 Rxf1+ 30. Qxf1 Qg7 31. h3 Kc7 32. Bxb5 Bxe4 33. Bd3 Bc6 34. Be2 Kb6 35. Bf3 {And now Bxc6 would win.} Qf6 36. Qd3 (36. Qe2 $11 {keeps the balance.}) 36... Qa1+ $1 $17 37. Kh2 Qe5+ 38. g3 Bxf3 $1 39. Qxf3 {[%mdl 4096] Endgame KQ-KQ} Qe1 $1 {[%cal Re1d2]} 40. Qd3 (40. Qg2 $17 {is a better defense.}) 40... Qf2+ $19 41. Kh1 d5 $1 42. g4 g5 43. c3 (43. Qxh7 $17 Qxd2 44. Qd3 Qe1+ 45. Kg2) 43... h6 44. b4 c4 45. Qb1 (45. Qc2 $142) 45... Qxd2 46. Qa1 Qe3 47. Kg2 Kc7 48. b5 {[#]} Qb6 $1 49. Qa4 e5 ({Better is} 49... Qb7 $17 {...Kb6 is the strong threat.} 50. Qa5+ Kd7) 50. Qb4 $15 Qd6 (50... Kb7 $17) 51. b6+ $2 {[%mdl 8192] [#] White is now going downhill.} (51. Qa5+ $1 $11 {and White stays safe.} Qb6 52. Qb4) 51... Kc6 $1 $19 {White must now prevent ...Qxb4.} ({Less strong is} 51... Qxb6 52. Qe7+ Kc6 53. Qxe5 $17) 52. Qa5 Qd8 53. Qa6 $2 (53. Qa3) 53... Qxb6 54. Qa8+ Kc7 55. Qa3 {and the idea Qe7+ leaves White hopeful.} Kd7 56. Qa4+ (56. Qa8 $142 Qb5 57. Qa7+ Ke6 58. Qf2) 56... Kd6 57. Qa3+ Ke6 58. Kf3 $2 (58. Qa4 Ke7 59. Qa3+ Ke6 60. Qa4) 58... e4+ 59. Ke2 d4 60. cxd4 Qxd4 61. Qa6+ Ke5 62. Qa5+ Kf4 63. Qc7+ Qe5 64. Qxc4 Qb2+ {Black mates.} 65. Kf1 Kg3 {[%csl Gg3][%cal Rb2f2]} 66. Qc7+ Kxh3 67. Qd6 Qg2+ {[%mdl 64] Double Attack. Accuracy: White = 58%, Black = 85%.} 0-1

[Event "12th Batavia Amsterdam 2020"]
[Site "Amsterdam"]
[Date "2020.02.21"]
[Round "1.2"]
[White "Zwirs, Nico"]
[Black "Van Haastert, Edwin"]
[Result "0-1"]
[WhiteElo "2443"]
[BlackElo "2438"]
[Annotator "NA"]
[PlyCount "62"]
[EventDate "2020.02.21"]
[EventType "tourn"]
[EventCountry "NED"]
[SourceTitle "playchess.com"]
[Source "ChessBase"]
[SourceQuality "1"]
[TimeControl "40/5400+30:1800+30"]

1. e4 {[%emt 0:00:00]} e5 {[%emt 0:00:00]} 2. Nf3 {[%emt 0:01:00]} Nc6 {[%emt 0:00:00]} 3. Bc4 {[%emt 0:00:31]} Nf6 {[%emt 0:00:00]} 4. d3 {[%emt 0:00:27]} Bc5 {[%emt 0:00:00]} 5. c3 {[%emt 0:03:27]} a6 {[%emt 0:00:27]} 6. Nbd2 {[%emt 0:03:34]} Ba7 {[%emt 0:00:46]} 7. h3 {[%emt 0:04:16]} d6 {[%emt 0:00:25]} 8. Bb3 {[%emt 0:00:26]} O-O {[%emt 0:01:14]} 9. Nf1 {[%emt 0:00:18]} d5 {[%emt 0:04:38]} 10. Qe2 {[%emt 0:02:32]} Be6 {[%emt 0:02:43]} 11. Bg5 {[%emt 0:10:55]} dxe4 {[%emt 0:01:56]} 12. dxe4 {[%emt 0:00:15]} Bxb3 {[%emt 0:00:36]} 13. axb3 {[%emt 0:00:06]} h6 {[%emt 0:05:46]} 14. Bh4 {[%emt 0:07:59]} Qd6 {[%emt 0:01:51]} 15. Ne3 {[%emt 0:11:12]} Bxe3 {[%emt 0:06:41]} ({And not} 15... Nxe4 16. Nf5 $16 {[%mdl 64] Discovered Attack}) 16. Qxe3 {[%emt 0:00:16]} Rad8 {[%emt 0:07:27]} 17. O-O {[%emt 0:17:17]} Qe6 $11 {[%emt 0:04:24]} 18. Bxf6 {[%emt 0:08:34]} Qxf6 {[%emt 0:00:13]} 19. Rfd1 {[%emt 0:00:07]} Rxd1+ {[%emt 0:14:17]} 20. Rxd1 {[%emt 0:00:16]} Rd8 {[%emt 0:00:05]} 21. Rd5 {[%emt 0:01:23]} Rxd5 {[%emt 0:10:57]} 22. exd5 {[%emt 0:00:08]} Ne7 {[%emt 0:00:05]} 23. c4 {[%emt 0:09:13]} Ng6 {[%emt 0:00:20]} 24. Qe4 {[%emt 0:04:34]} b6 {[%emt 0:02:12]} 25. h4 {[%emt 0:01:59]} a5 {[%emt 0:03:34]} 26. h5 {[%emt 0:03:27]} Nf4 {[%emt 0:00:26]} 27. Nxe5 {[%emt 0:01:03]} Nxh5 {[%emt 0:01:42]} 28. Nc6 {[%emt 0:04:13]} Qxb2 {[%emt 0:05:12]} 29. Qe8+ {[%emt 0:00:11]} Kh7 {[%emt 0:00:05]} 30. Qxf7 {[%emt 0:00:11]} Nf6 {[%emt 0:00:34]} 31. Qxc7 {[%emt 0:02:18]} Ng4 {[%emt 0:00:39]} 0-1

[Event "12th Batavia Amsterdam 2020"]
[Site "Amsterdam"]
[Date "2020.02.21"]
[Round "1.3"]
[White "Trent, Lawrence"]
[Black "Feuerstack, Aljoscha"]
[Result "0-1"]
[WhiteElo "2386"]
[BlackElo "2459"]
[Annotator "TA"]
[PlyCount "66"]
[EventDate "2020.02.21"]
[EventType "tourn"]
[EventCountry "NED"]
[SourceTitle "playchess.com"]
[Source "ChessBase"]
[SourceQuality "1"]

{[%evp 10,66,-18,-14,-17,-38,-34,-37,-32,-34,-33,-59,-76,-72,-30,-90,-89,-89,-89,-110,-81,-93,-39,-54,-52,-39,-39,-37,-19,-48,-32,-44,-21,-41,-17,-50,-73,-46,-21,-61,-58,-57,-54,-121,-103,-100,-66,-428,-442,-426,-434,-522,-520,-756,-707,-838,-866,-1491,-1474]} 1. e4 e5 2. Nf3 Nf6 3. d3 Nc6 4. Be2 d5 5. Nbd2 Bc5 6. c3 a5 {[%cal Ba7a5,Ba5a4][%mdl 32] C44: Ponziani Opening and Scotch Gambit.} 7. h3 O-O 8. Qc2 a4 {Black is slightly better.} 9. Nf1 Re8 10. g4 d4 11. Ng3 {[#]} Bf8 $146 ({Predecessor:} 11... a3 12. b4 Bd6 13. b5 Na7 14. c4 c6 15. bxc6 Nxc6 16. O-O Nd7 17. Kh2 Bb4 {0-1 (37) Asylguzhin,R (2387)-Karadeniz,A (2307) Batumi 2002}) 12. a3 (12. Bd2 $11 {remains equal.}) 12... Nd7 $17 13. cxd4 exd4 14. Nh5 Nc5 15. Bg5 Be7 (15... f6 $17 16. Bh4 Be6) 16. Qxc5 $1 $15 Bxc5 17. Bxd8 Nxd8 18. Nd2 b5 19. O-O Bb6 20. f4 Ba5 21. Nf3 c5 22. Kh2 Bb7 $36 {[%mdl 2048] Black is really pushing.} 23. Rac1 Bb6 24. Ne5 Rc8 25. g5 Ne6 26. Ng4 {[#]} (26. Bg4 $15) 26... c4 $1 $17 {[%mdl 512]} 27. dxc4 Bxe4 {[#] And now ...d3 would win.} 28. Ng3 $2 {[%mdl 8192] This move loses the game for White.} (28. Ngf6+ $1 $15 {[%mdl 512]} gxf6 29. Nxf6+ Kh8 30. Nxe4 Nxg5 {[%mdl 64] Pin} 31. Ng3) 28... d3 $19 {Black is clearly winning.} 29. Bd1 Ba8 30. Nf5 {intending Nd6.} Bc7 31. Kg3 Nxf4 32. Rxf4 Re4 {[%mdl 64] Pin} 33. Nfh6+ Kf8 {Accuracy: White = 47%, Black = 85%.} 0-1

[Event "12th Batavia Amsterdam 2020"]
[Site "Amsterdam"]
[Date "2020.02.21"]
[Round "1.4"]
[White "Nijboer, Friso"]
[Black "Sukandar, Irine Kharisma"]
[Result "0-1"]
[WhiteElo "2469"]
[BlackElo "2408"]
[Annotator "ChessBase"]
[PlyCount "35"]
[EventDate "2020.02.21"]
[EventType "tourn"]
[EventCountry "NED"]
[SourceTitle "playchess.com"]
[Source "ChessBase"]
[SourceQuality "1"]
[TimeControl "40/5400+30:1800+30"]

1. e4 {[%emt 0:00:00]} c5 {[%emt 0:00:03]} 2. Nf3 {[%emt 0:00:00]} Nc6 {[%emt 0:00:06]} 3. d4 {[%emt 0:00:00]} cxd4 {[%emt 0:00:11]} 4. Nxd4 {[%emt 0:00:00]} g6 {[%emt 0:00:14]} 5. c4 {[%emt 0:00:00]} Nf6 {[%emt 0:00:18]} 6. Nc3 {[%emt 0:00:01]} d6 {[%emt 0:00:26]} 7. Be2 {[%emt 0:09:31]} Nxd4 {[%emt 0:00:34]} 8. Qxd4 {[%emt 0:00:04]} Bg7 {[%emt 0:00:09]} 9. Be3 {[%emt 0:03:32]} O-O {[%emt 0:00:24]} 10. Qd2 {[%emt 0:00:03]} a5 {[%emt 0:02:36]} 11. O-O {[%emt 0:07:30]} a4 {[%emt 0:01:03]} 12. f3 {[%emt 0:03:47]} Qa5 {[%emt 0:02:22]} 13. Rab1 {[%emt 0:06:05]} Be6 {[%emt 0:01:20]} 14. Rfc1 {[%emt 0:07:16]} Rfc8 {[%emt 0:00:45]} 15. b4 {[%emt 0:05:29]} axb3 {[%emt 0:00:19]} 16. axb3 {[%emt 0:00:01]} Qb4 {[%emt 0:00:24]} 17. Rc2 {[%emt 0:24:38]} Nd7 {[%emt 0:10:18]} 18. Na4 {[%emt 0:00:31]} 0-1

[Event "12th Batavia Amsterdam 2020"]
[Site "Amsterdam"]
[Date "2020.02.21"]
[Round "1.5"]
[White "Warakomski, Tomasz"]
[Black "Bosboom, Manuel"]
[Result "1-0"]
[WhiteElo "2501"]
[BlackElo "2410"]
[Annotator "TA"]
[PlyCount "63"]
[EventDate "2020.02.21"]
[EventType "tourn"]
[EventCountry "NED"]
[SourceTitle "playchess.com"]
[Source "ChessBase"]
[SourceQuality "1"]

{[%evp 11,63,25,34,0,31,15,25,16,22,-5,38,37,33,18,74,64,78,88,125,57,52,50,47,49,37,38,40,18,56,92,233,231,274,282,264,256,421,369,880,685,786,684,710,712,707,704,753,715,801,795,915,915,4686,4686]} 1. e4 c5 2. Nf3 d6 3. d4 cxd4 4. Nxd4 Nf6 5. Nc3 Bd7 6. f4 Nc6 7. Nf3 {B56: Classical Sicilian: Unusual Lines.} Rc8 8. Bd3 g6 9. O-O {White has an edge.} Bg7 {[#]} 10. Kh1 $146 ({Predecessor:} 10. Qe1 O-O 11. Qh4 Qa5 {½-½ (11) Markovic,Z (2384)-Georgiev,K (2446) Golubac 2008}) 10... h5 11. Qe1 Nb4 12. Bd2 Ng4 (12... d5 $11 {remains equal.}) 13. h3 $16 Nxd3 14. cxd3 Qb6 {[#]} 15. d4 ({And not} 15. hxg4 hxg4+ 16. Nh2 g3 $17) (15. Nd5 $1 $16 {[%cal Rd5b6]} Qa6 16. Qh4 (16. hxg4 hxg4+ 17. Nh2 Qxd3 $17)) 15... Bb5 $14 (15... Bxd4 $2 16. Nd5 $18) 16. Nxb5 Qxb5 17. Rc1 Rxc1 18. Qxc1 {[%cal Rc1c8]} Qc6 19. Bc3 {aiming for d5.} Qxe4 20. d5 $1 $40 {[%mdl 128] White goes for the king.} f6 {[#] This move loses the game for Black.} (20... Kf8 $16) 21. Ng5 $1 $18 {[%cal Rg5e4]} Qf5 ({Wrong is} 21... Qxd5 $2 22. Bxf6 O-O 23. Bxg7 $18) 22. hxg4 hxg4+ 23. Kg1 Kd7 $2 (23... g3 {was necessary.} 24. Bd4 Rh4) 24. Qd1 Rc8 $2 (24... fxg5 25. Bxg7 Rc8 26. Qa4+ Kc7 27. fxg5 Qxd5 28. Rc1+ Kd8 29. Rxc8+ {[%mdl 64] Overworked Piece} Kxc8 30. Qe8+ {[%mdl 64] Double Attack} Kc7 31. Qxe7+ Kb6 32. Qe3+ Kc7) 25. Qa4+ {White is clearly winning.} Kc7 26. Ne6+ {[%mdl 64] Double Attack} Kb8 27. Nxg7 Qxd5 28. f5 g3 29. Qg4 gxf5 30. Nxf5 {[%mdl 64] Double Attack} e5 {[#]} 31. Ne7 $1 {[%csl Ge7][%cal Rg4c8]} Qc5+ {[#]} 32. Bd4 $1 {Accuracy: White = 84%, Black = 26%.} 1-0

[Event "12th Batavia Amsterdam 2020"]
[Site "Amsterdam"]
[Date "2020.02.22"]
[Round "2.1"]
[White "Nijboer, Friso"]
[Black "Zwirs, Nico"]
[Result "1/2-1/2"]
[WhiteElo "2469"]
[BlackElo "2443"]
[Annotator "TA"]
[PlyCount "84"]
[EventDate "2020.02.21"]
[EventType "tourn"]
[EventCountry "NED"]
[SourceTitle "playchess.com"]
[Source "ChessBase"]
[SourceQuality "1"]

{[%evp 11,84,35,46,28,66,60,82,87,90,85,66,73,91,90,109,125,99,-46,-65,-62,-43,-52,-66,-174,-62,-69,-62,-233,-109,-100,-110,-102,-75,-40,-40,-60,-67,-68,-41,-70,-67,-52,-54,-122,-108,-202,-180,-197,-182,-187,-173,-149,-160,-154,-153,-150,-139,-177,-37,-28,0,-80,0,0,0,-48,0,-62,-8,-8,0,-8,0,-11,0]} 1. e4 c5 2. Nf3 d6 3. d4 cxd4 4. Nxd4 Nf6 5. Nc3 Bd7 6. Bg5 e6 7. Qe2 {[#] B56: Classical Sicilian: Unusual Lines.} Qa5 $146 ({Predecessor:} 7... a6 8. O-O-O h6 9. Bh4 b5 10. g4 b4 11. Nd5 exd5 12. exd5+ Be7 13. Bxf6 gxf6 14. Re1 Kf8 {0-1 (38) Sawlin,L (2395)-Gasanov,E (2475) St Petersburg 2019}) 8. f4 Nc6 9. Nb3 {White is better.} Qc7 10. O-O-O a6 11. Bxf6 gxf6 12. Qh5 b5 13. f5 Ke7 14. Bxb5 (14. a3 $16) 14... axb5 $15 15. Nxb5 Qb6 $1 {[%cal Rb6b5]} 16. Nxd6 Ne5 {aiming for ...Ba4.} 17. Rd4 (17. Nxf7 $2 Be8 $19) (17. Kb1 $1 $15) 17... Bg7 (17... Rxa2 $19 18. Rhd1 Ra7) 18. Kb1 (18. Nxf7 $2 Be8 $19) 18... Rhd8 19. Qxh7 $2 (19. Rhd1 $15) 19... Rh8 (19... Qa7 $1 $19 {[%cal Ra7a2] and Black stays clearly on top.} 20. a3 (20. Qxg7 $2 Qxa2+ 21. Kc1 Rg8 $19) 20... Rh8 21. Qxg7 Rag8 22. fxe6 Bxe6 23. Qxh8 Rxh8) 20. Qxg7 $17 Rag8 21. Nc4 Nxc4 22. Rxd7+ Kxd7 23. Qxf7+ Kc8 24. fxe6 Re8 $40 {[%mdl 128] White needs to defend precisely.} 25. Qxf6 Qxe6 (25... Rxh2 $5 26. Rc1 Rh7 $11) 26. Qc3 Qc6 $1 {Strongly threatening ...Na3+!} 27. Nd4 (27. Ka1 $15) 27... Qc5 28. a4 {[#]} (28. Re1 $17) 28... Na3+ $1 $19 {[%mdl 512]} 29. Qxa3 (29. bxa3 Qxc3) 29... Qxd4 30. Re1 Rh7 31. Qf3 {[#]} Rb7 $1 {[%csl Gb7][%cal Rd4b2][%mdl 512]} 32. b3 Qxa4 33. e5 {Threatens to win with Qxb7+!} Qb5 34. e6 Ra7 (34... Qc5 $19 35. Re4 Rc7) 35. Re4 $1 $15 Kb8 ({Avoid the trap} 35... Qa5 $2 36. Ra4 $1 $18 {[%mdl 512]} (36. Rc4+ Kb8 $11)) 36. Qg3+ {[#]} (36. Qf4+ $11 {was the only way to keep the balance.} Ka8 37. Qf3) 36... Ka8 (36... Rc7 $1 $17) 37. Qf3 $1 $11 {Rb4+ is the strong threat.} Qd5 {[#]} 38. e7 $1 {[%mdl 512]} Qb7 (38... Raxe7 39. Ra4+) 39. Qf8 ({White should try} 39. Kb2 $11) 39... Qc8 ({Black should play} 39... Qd7 $1 $15 40. Qf3 Rb7) 40. Qf3 {Hoping for Rb4+.The position is equal.} Qb7 41. Qf8 Qc8 42. Qf3 {Black must now prevent Rb4+.} Qb7 {And White is the lucky defender. Accuracy: White = 63%, Black = 64%.} 1/2-1/2

[Event "12th Batavia Amsterdam 2020"]
[Site "Amsterdam"]
[Date "2020.02.22"]
[Round "2.2"]
[White "Van Haastert, Edwin"]
[Black "Trent, Lawrence"]
[Result "1/2-1/2"]
[WhiteElo "2438"]
[BlackElo "2386"]
[Annotator "ChessBase"]
[PlyCount "56"]
[EventDate "2020.02.21"]
[EventType "tourn"]
[EventCountry "NED"]
[SourceTitle "playchess.com"]
[Source "ChessBase"]
[SourceQuality "1"]
[TimeControl "40/5400+30:1800+30"]

1. e4 {[%emt 0:00:00]} e5 {[%emt 0:03:48]} 2. Nf3 {[%emt 0:00:00]} Nc6 {[%emt 0:00:01]} 3. Bb5 {[%emt 0:00:07]} a6 {[%emt 0:00:06]} 4. Ba4 {[%emt 0:00:08]} Nf6 {[%emt 0:00:14]} 5. O-O {[%emt 0:00:11]} Nxe4 {[%emt 0:00:05]} 6. d4 {[%emt 0:00:27]} Be7 {[%emt 0:00:21]} 7. Qe2 {[%emt 0:02:42]} b5 {[%emt 0:03:14]} 8. Bb3 {[%emt 0:00:22]} d5 {[%emt 0:01:01]} 9. dxe5 {[%emt 0:01:06]} Na5 {[%emt 0:18:34]} 10. Nbd2 {[%emt 0:05:48]} Nxb3 {[%emt 0:10:47]} 11. axb3 {[%emt 0:01:10]} Bb7 {[%emt 0:03:55]} 12. Nd4 {[%emt 0:13:55]} Qd7 {[%emt 0:04:12]} 13. e6 {[%emt 0:05:16]} fxe6 {[%emt 0:00:07]} 14. Nxe4 {[%emt 0:00:07]} dxe4 {[%emt 0:00:04]} 15. Qh5+ {[%emt 0:00:27]} g6 {[%emt 0:00:12]} 16. Qe5 {[%emt 0:00:27]} O-O-O {[%emt 0:01:34]} 17. Be3 {[%emt 0:11:09]} Rhe8 {[%emt 0:11:21]} 18. Qxe6 {[%emt 0:05:35]} Bc5 {[%emt 0:00:48]} 19. Qxd7+ {[%emt 0:00:10]} Rxd7 {[%emt 0:00:01]} 20. c3 {[%emt 0:00:23]} Bxd4 {[%emt 0:00:17]} 21. Bxd4 {[%emt 0:00:20]} Re6 {[%emt 0:00:54]} 22. b4 {[%emt 0:01:16]} Bd5 {[%emt 0:01:11]} 23. Rfe1 {[%emt 0:01:06]} Kb7 {[%emt 0:00:14]} 24. Re3 {[%emt 0:00:35]} Rde7 {[%emt 0:01:00]} 25. Bc5 {[%emt 0:00:53]} Rd7 {[%emt 0:01:12]} 26. Bd4 {[%emt 0:00:23]} Rde7 {[%emt 0:00:02]} 27. Bc5 {[%emt 0:00:08]} Rd7 {[%emt 0:00:01]} 28. Bd4 {[%emt 0:00:14]} Rde7 {[%emt 0:00:02]} 1/2-1/2

[Event "12th Batavia Amsterdam 2020"]
[Site "Amsterdam"]
[Date "2020.02.22"]
[Round "2.3"]
[White "Feuerstack, Aljoscha"]
[Black "Admiraal, Miguoel"]
[Result "0-1"]
[WhiteElo "2459"]
[BlackElo "2501"]
[Annotator "TA"]
[PlyCount "78"]
[EventDate "2020.02.21"]
[EventType "tourn"]
[EventCountry "NED"]
[SourceTitle "playchess.com"]
[Source "ChessBase"]
[SourceQuality "1"]

{[%evp 9,78,53,53,51,51,51,58,50,50,42,54,42,64,46,46,46,46,47,41,32,43,27,27,0,45,45,34,36,47,52,85,55,64,58,58,0,0,-23,0,-25,-25,-32,-50,-79,0,0,0,0,0,0,0,0,0,0,0,-73,-88,-98,0,-84,-84,-148,-167,-144,-150,-324,-280,-1155,-1116,-29991,-29992]} 1. e4 g6 2. d4 Bg7 3. Nf3 e6 4. Bd3 d6 5. Bg5 Ne7 6. Qd2 {B06: Modern Defence.} h6 7. Be3 $1 Nd7 {[%cal Bb8d7,Bd7f6,Bf6e4][%mdl 32]} 8. Nc3 {White is slightly better.} a6 9. O-O b6 10. Ne2 Bb7 11. Ng3 Nf6 12. h3 {[#]} d5 $146 {[%cal Rd5e4]} ({Predecessor:} 12... Nd7 13. c4 c6 14. Rac1 Qc7 15. Rfd1 Rd8 16. Nh2 c5 17. d5 exd5 18. exd5 Ne5 {1-0 (48) Yankelevich,L (2310)-Zweschper,E (2101) Hofheim 2014}) 13. e5 Ne4 14. Qe2 Nf5 15. Kh2 c5 16. c3 Qc7 17. Bxe4 {[#] Hoping for Nxf5.} dxe4 18. Nd2 cxd4 19. cxd4 Qc2 20. Nc4 Qxe2 21. Nxe2 b5 22. Na5 (22. Nb6 $14) 22... Bd5 $11 23. Nf4 Kd7 24. Nxd5 (24. Nb3 {looks sharper.} Rhc8 25. g4 Nh4 26. Rfc1 Nf3+ 27. Kg3) 24... exd5 25. g4 Nh4 26. f4 h5 (26... Bf8 $17) 27. Kg3 Nf3 28. Nb7 hxg4 29. hxg4 Rh2 {aiming for ...Rah8.} 30. Nc5+ Ke7 {Threatens to win with ...Rah8.} 31. Rf2 ({Don't go for} 31. Rxf3 $2 Rah8 $19) 31... Rh7 32. Rc1 (32. Rg2 $11) 32... Rah8 $40 {[%mdl 128] White is in trouble.} 33. Rg2 {[#]} Rh3+ $1 34. Kf2 Nh4 35. Rg3 (35. Rgg1 $142) 35... Rh2+ 36. Kf1 Nf3 37. Nxa6 $2 (37. Nd3 $17) 37... Rxb2 $19 38. Rc7+ $2 (38. Nc7 Rh1+ 39. Bg1) 38... Kd8 {( -> ...Rh1+)} 39. Rxf7 Rh1+ {Accuracy: White = 63%, Black = 89%.} 0-1

[Event "12th Batavia Amsterdam 2020"]
[Site "Amsterdam"]
[Date "2020.02.22"]
[Round "2.4"]
[White "Sukandar, Irine Kharisma"]
[Black "Bosboom, Manuel"]
[Result "0-1"]
[WhiteElo "2408"]
[BlackElo "2410"]
[Annotator "NA"]
[PlyCount "100"]
[EventDate "2020.02.21"]
[EventType "tourn"]
[EventCountry "NED"]
[SourceTitle "playchess.com"]
[Source "ChessBase"]
[SourceQuality "1"]
[TimeControl "40/5400+30:1800+30"]

1. e4 {[%emt 0:00:00]} e5 {[%emt 0:00:00]} 2. Nf3 {[%emt 0:00:14]} d6 {[%emt 0:00:48]} 3. d4 {[%emt 0:00:37]} Nf6 {[%emt 0:01:05]} 4. dxe5 {[%emt 0:00:59]} Nxe4 {[%emt 0:01:44]} 5. Qd5 {[%emt 0:00:20]} Nc5 $1 {[%emt 0:00:38]} 6. Bg5 {[%emt 0:00:15]} Be7 {[%emt 0:01:16]} 7. exd6 {[%emt 0:00:18]} Qxd6 {[%emt 0:00:51]} 8. Nc3 {[%emt 0:01:09]} h6 {[%emt 0:19:28]} 9. Be3 {[%emt 0:04:44]} c6 {[%emt 0:02:17]} 10. Qxd6 {[%emt 0:02:48]} Bxd6 {[%emt 0:00:02]} 11. O-O-O {[%emt 0:00:28]} Be7 {[%emt 0:00:23]} 12. Bc4 {[%emt 0:05:22]} Nba6 {[%emt 0:19:23]} 13. Rhe1 {[%emt 0:06:53]} Be6 {[%emt 0:02:12]} 14. Bxa6 {[%emt 0:07:42]} Nxa6 {[%emt 0:00:49]} 15. Nd4 {[%emt 0:00:14]} Nc7 {[%emt 0:05:11]} 16. Nxe6 {[%emt 0:11:36]} Nxe6 {[%emt 0:00:47]} 17. f4 {[%emt 0:00:25]} g6 {[%emt 0:08:21]} 18. g4 {[%emt 0:01:16]} Bh4 $16 {[%emt 0:08:04]} 19. Re2 {[%emt 0:20:10]} O-O {[%emt 0:00:40]} 20. f5 {[%emt 0:01:00]} Ng5 {[%emt 0:00:33]} 21. Rd7 {[%emt 0:05:45]} b6 {[%emt 0:05:47]} 22. Rd6 {[%emt 0:00:58]} c5 {[%emt 0:04:08]} 23. fxg6 {[%emt 0:01:23]} fxg6 {[%emt 0:00:24]} 24. Rxg6+ {[%emt 0:00:14]} Kh7 {[%emt 0:00:05]} 25. Rd6 {[%emt 0:00:16]} Rae8 {[%emt 0:00:31]} 26. Rd7+ {[%emt 0:04:28]} Kg6 {[%emt 0:03:18]} 27. Bf4 {[%emt 0:07:33]} Ne6 {[%emt 0:03:37]} 28. Nd5 {[%emt 0:01:50]} Nxf4 {[%emt 0:03:04]} 29. Nxf4+ {[%emt 0:01:45]} Kg5 {[%emt 0:00:18]} 30. Ne6+ {[%emt 0:01:42]} Kxg4 {[%emt 0:00:47]} 31. Rd1 {[%emt 0:04:52]} Kf3 {[%emt 0:05:53]} 32. Re5 {[%emt 0:01:25]} Rg8 {[%emt 0:00:36]} 33. Rd3+ {[%emt 0:01:30]} Kf2 {[%emt 0:01:22]} 34. Rf5+ {[%emt 0:02:01]} Kg1 {[%emt 0:00:12]} 35. Nf4 {[%emt 0:03:56]} Bg5 {[%emt 0:01:30]} 36. h4 {[%emt 0:00:31]} Bxh4 {[%emt 0:01:07]} 37. Kd1 {[%emt 0:00:49]} Re1+ {[%emt 0:00:22]} 38. Kd2 {[%emt 0:00:01]} Re4 {[%emt 0:00:23]} 39. Ne2+ {[%emt 0:01:11]} Kh2 {[%emt 0:00:01]} 40. Rh5 {[%emt 0:00:39]} Kg2 {[%emt 0:00:59]} 41. b3 {[%emt 0:12:39]} Rge8 {[%emt 0:08:30]} 42. Kd1 {[%emt 0:02:57]} Rf8 {[%emt 0:03:50]} 43. Rdd5 {[%emt 0:06:39]} Rf1+ {[%emt 0:02:48]} 44. Kd2 {[%emt 0:00:01]} Rf2 {[%emt 0:00:17]} 45. Kd1 {[%emt 0:00:34]} Rfxe2 {[%emt 0:00:42]} 46. Rxh4 {[%emt 0:00:11]} Rxh4 {[%emt 0:00:09]} 47. Kxe2 {[%emt 0:00:05]} Re4+ {[%emt 0:00:36]} 48. Kd3 {[%emt 0:00:51]} Rd4+ {[%emt 0:00:22]} 49. Rxd4 {[%emt 0:00:06]} cxd4 {[%emt 0:00:01]} 50. c4 {[%emt 0:00:45]} dxc3 {[%emt 0:00:36]} 0-1